000 00277nam a2200097Ia 4500
001 645062
005 20250826153616.0
008 250824s9999 xx 000 0 und d
245 0 _aKARAGÖZ İLE HACİVAT ANTİK OKUL KLASİKLERİ
_cANONİM
260 _bANTİK DÜNYA KLASİKLERİ
999 _c645062
_d645062